000 00500nam a2200181Ia 4500
003 GCL
008 140319s9999 xx 000 0 ara d
040 _aGCL /
_cGCL
082 0 4 _a813.01
_bى ش
100 1 _aيوسف القعيد
245 1 0 _aشكاوى المصرى الفصيح : المزاد /
_cيوسف القعيد
300 _a497 ص
490 _a
650 0 4 _aالادب العربى
650 0 4 _aالقصص العربية
650 0 4 _aالادب الشعبى
942 _2ddc
_cBK
999 _c42204
_d42204